Gita & the quran : (Record no. 125210)

MARC details
000 -LEADER
fixed length control field 00724nam a22002537a 4500
003 - CONTROL NUMBER IDENTIFIER
control field dpl
005 - DATE AND TIME OF LATEST TRANSACTION
control field 20170124105950.0
008 - FIXED-LENGTH DATA ELEMENTS--GENERAL INFORMATION
fixed length control field 161212b xxu||||| |||| 00| 0 eng d
010 ## - LIBRARY OF CONGRESS CONTROL NUMBER
LC control number A-119421
020 ## - INTERNATIONAL STANDARD BOOK NUMBER
Terms of availability 32.00
035 ## - SYSTEM CONTROL NUMBER
System control number A-119421
037 ## - SOURCE OF ACQUISITION
Source of stock number/acquisition Cen Lib/Ret
040 ## - CATALOGING SOURCE
Original cataloging agency DPL
Language of cataloging EN
Transcribing agency TIT
082 ## - DEWEY DECIMAL CLASSIFICATION NUMBER
Classification number 291
Item number DUR
100 ## - MAIN ENTRY--PERSONAL NAME
Personal name Durrany, Mohmmad Khan
9 (RLIN) 13383
245 ## - TITLE STATEMENT
Title Gita & the quran :
Statement of responsibility, etc by Mohammad Khan Durrany
Remainder of title comparative study /
260 ## - PUBLICATION, DISTRIBUTION, ETC. (IMPRINT)
Place of publication, distribution, etc Delhi
Name of publisher, distributor, etc Nag publishers
Date of publication, distribution, etc 1982
270 ## - ADDRESS
City Delhi
Address Jawahar lal nagar
300 ## - PHYSICAL DESCRIPTION
Extent 308p.
Dimensions 20cm(Hb)
500 ## - GENERAL NOTE
General note Includes bibliographical references
650 ## - SUBJECT ADDED ENTRY--TOPICAL TERM
Topical term or geographic name as entry element Hinduism
9 (RLIN) 13384
650 ## - SUBJECT ADDED ENTRY--TOPICAL TERM
Topical term or geographic name as entry element Islam
9 (RLIN) 5289
942 ## - ADDED ENTRY ELEMENTS (KOHA)
Source of classification or shelving scheme Dewey Decimal Classification
Koha item type English Books
Classification part 291
Call number suffix DUR
Holdings
Withdrawn status Lost status Damaged status Not for loan Home library Current library Date acquired Source of acquisition Cost, normal purchase price Total Checkouts Full call number Barcode Date last seen Date checked out Copy number Cost, replacement price Price effective from Koha item type
        Central Library Central Library 20/06/2015 Cen Lib/Ret 32.00 2 291 DUR A-119421 02/02/2022 17/01/2022 1 32.00 20/06/2015 English Books

© Delhi Public Library
Hit Counter
free hit counter